000 00587nam a2200229Ia 4500
003 OSt
005 20221005070236.0
006 a|||||r|||| 00| 0
007 ta
008 221004b |||||||| |||| 00| 0 kan d
024 _a59415
037 _cTextual
040 _aCRL
_cCRL
_bkan
041 _2kan
_akan
082 _aO33:gx, L2
100 _aNayak H M Au.
_9605524
245 0 _aSallapa
260 _aMysore
_bSuruchi prakashana India
_c1972
650 _aKANNAD LITERATURE
942 _hO33:gx, L2
_cTEXL
_2cc
999 _c975951
_d975951